Seven-Letter First Name Chain - Statistics

General Stats
  • This quiz has been taken 24 times
  • The average score is 8 of 15
Answer Stats
Hint Answer % Correct
What Matt is usually a nickname for Matthew
100%
28th US President, ______ Wilson Woodrow
91%
King of England, _______ the Lionheart Richard
87%
Oldest son of King Charles and Diana William
87%
Biblical patriarch whose wife was named Sarah Abraham
83%
US First Lady _______ Roosevelt Eleanor
83%
First name of Agatha Christie's most famous detective Hercule
74%
"Waltzing _______", or a Roald Dahl book Matilda
74%
One-named singer killed in a 2001 plane crash Aaliyah
30%
Arabic form of the answer to the second name in the chain Ibrahim
22%
Meaning "of the Lord", traditionally given to boys born on Sunday Dominic
17%
American state Indiana
17%
Hawaiian name meaning "heavenly flowers" Leilani
17%
Name for a clear, colourless glass used as a gem Crystal
13%
A minor prophet who lends his name to a book of the Bible Malachi
13%
No matching quizzes found
Score Distribution
Percent of People with Each Score
Percentile by Number Answered
Your Score History
You have not taken this quiz